| 000 | 00484 a2200181 4500 | ||
|---|---|---|---|
| 005 | 20260505104210.0 | ||
| 008 | 260504b |||||||| |||| 00| 0 eng d | ||
| 020 |
_a9788179753187 _cRs. 550.00 |
||
| 040 | _aMAIN | ||
| 082 |
_a901 _bS64I |
||
| 100 | _aSinha, Atul Kumar | ||
| 245 | _aItihas: mulay aur arth | ||
| 260 |
_b Anamika Publishers and Distributors _c2025 _aNew Delh |
||
| 300 | _a166 | ||
| 650 | _aHistory | ||
| 650 | _aPhilosphy and Theoary of History | ||
| 942 | _cBK | ||
| 999 |
_c394616 _d394616 |
||